Music Quiz

Random Music or Song Quiz

2010s Song Title Match Up Quiz Stats

Quiz Updated Mar 16, 2018

Challenge
Share
Tweet
Score 0/25 Timer 04:00
34 Plays Today
% Correct
Somebody That I
98.2%
Gangnam
98.1%
Wrecking
97.9%
La
97.6%
TiK
97.6%
Uptown
97.6%
All About That
97.3%
Rolling in
97%
Blurred
96.6%
A Sky
96.1%
I Knew You
96%
Best Song
95.9%
Call
95.9%
% Correct
Sexy and
95.8%
Locked Out
95.4%
Stressed
95.3%
What About
94.3%
Shape of
93.6%
Price
93.6%
Side
93.3%
Like
89.8%
Boom
89.5%
Hotline
88.7%
Hold
85.9%
Sure Be Cool
85.4%

You're not logged in!

Compare scores with friends on all Sporcle quizzes.
Sign Up with Email
OR
Log In

You Might Also Like...

Show Comments

Extras

Top Quizzes Today


Score Distribution

Your Account Isn't Verified!

In order to create a playlist on Sporcle, you need to verify the email address you used during registration. Go to your Sporcle Settings to finish the process.

Report this User

Report this user for behavior that violates our Community Guidelines.

Details: